Manual de armonía, de acompañamiento de bajo numerado, de reducción de la partitura al piano y de la transposición musical (Record no. 98761)

MARC details
000 -LEADER
campo de control de longitud fija 00941nam a2200205 i 4500
001 - NÚMERO DE CONTROL
campo de control 98761
003 - IDENTIFICADOR DE NÚMERO DE CONTROL
campo de control ES-MaACL
005 - FECHA Y HORA DE LA ÚLTIMA TRANSACCIÓN
campo de control 20230906182358.0
007 - CAMPO FIJO DE DESCRIPCIÓN FÍSICA--INFORMACIÓN GENERAL
campo de control de longitud fija t|
008 - DATOS DE LONGITUD FIJA--INFORMACIÓN GENERAL
campo de control de longitud fija 051024s1862 sp ||||1| spa d
100 1# - ENTRADA PRINCIPAL--NOMBRE DE PERSONA
Nombre de persona Elwart, Antoine.
9 (RLIN) 47128
245 10 - MENCIÓN DEL TÍTULO
Título Manual de armonía, de acompañamiento de bajo numerado, de reducción de la partitura al piano y de la transposición musical
Resto del título : conteniendo además reglas para llegar a escribir el bajo o acompañamiento... /
Mención de responsabilidad, etc. por A. Elwart... ; traducido de la 3ª ed. (que ha sido corregida y considerablemente aumentada por el autor) por... Sr. de Valldemosa...
250 ## - MENCION DE EDICION
Mención de edición Nueva ed.
260 ## - PUBLICACIÓN, DISTRIBUCIÓN, ETC.
Lugar de publicación, distribución, etc. Madrid :
Nombre del editor, distribuidor, etc. Antonio Romero y Andía,
Fecha de publicación, distribución, etc. [ca. 1862] (
Fabricante Imp. José M. Ducazcal)
300 ## - DESCRIPCIÓN FÍSICA
Extensión 46 p., 13 h. pleg. ;
Dimensiones 22 cm.
650 14 - PUNTO DE ACCESO ADICIONAL DE MATERIA--TÉRMINO DE MATERIA
Término de materia o nombre geográfico como elemento de entrada Armonía-
Subdivisión de forma Métodos.
9 (RLIN) 9974
650 14 - PUNTO DE ACCESO ADICIONAL DE MATERIA--TÉRMINO DE MATERIA
Término de materia o nombre geográfico como elemento de entrada Piano-
Subdivisión de forma Métodos.
9 (RLIN) 15994
700 1# - ENTRADA AGREGADA--NOMBRE PERSONAL
Nombre de persona Frontera de Valldemosa, Francisco.
9 (RLIN) 52742
852 ## - LOCALIZACIÓN
Ubicación ES-MaACL
Número de control de estantería T-974-F-3
Holdings
Estatus retirado Estado de pérdida Estado de daño No para préstamo Colección Biblioteca de origen Biblioteca actual Ubicación en estantería Fecha de adquisición Fuente de adquisición Total de préstamos Signatura topográfica completa Código de barras Visto por última vez Precio de reemplazo Tipo de ítem Koha
        Colección de folletos Biblioteca del Ateneo de Madrid Biblioteca del Ateneo de Madrid Depósito folletos 17/01/2008     T-974-F-3 1103116 23/02/2023 23/02/2023 Folleto